[Event "American Continental"]
[Site "Buenos Aires ARG"]
[Date "2005.08.10"]
[Round "5"]
[White "Lafuente,P"]
[Black "Needleman,G"]
[Result "1-0"]
[WhiteElo "2435"]
[BlackElo "2242"]
[EventDate "2005.08.06"]

1. d4 Nf6 2. Nf3 d6 3. g3 Nbd7 4. Bg2 e5 5. c4 g6 6. Nc3 Bg7 7. O-O O-O 8.
e4 exd4 9. Nxd4 Re8 10. h3 Nc5 11. Re1 Bd7 12. b4 Ne6 13. Be3 a5 14. a3 Qc8
15. Ndb5 h6 16. Rc1 axb4 17. axb4 Ng5 18. Bxg5 hxg5 19. c5 Re5 20. cxd6
Bxb5 21. Nxb5 Rxb5 22. Rxc7 Qe8 23. Re7 Qd8 24. e5 Rxb4 25. Bxb7 Rb8 26.
Qf3 R8xb7 27. Rxb7 Rxb7 28. Qxb7 Ne8 29. Qc6 Kh7 30. e6 Nxd6 31. e7 Qb8 32.
Rd1 Ne8 33. Rd8 Qb1+ 34. Kg2 Nf6 35. Rf8 Qa2 36. Qxf6 Bxf6 37. e8=Q Qd5+
38. Kh2 Kg7 39. Rg8+ Kh7 40. Rf8 Kg7 41. Rh8 Be5 42. Qf8+ Kf6 43. Qd8+ Qxd8
44. Rxd8 Ke6 45. Rg8 Kf5 46. Kg2 Ke6 47. Re8+ Kf6 48. Kf3 Bd4 49. Rd8 Bc5
50. Rd5 Ba7 51. Rb5 Bd4 52. Ra5 Bc3 53. Rd5 Be1 54. Rc5 Bb4 55. Rb5 Be1 56.
Rd5 Bc3 57. Kg4 Be1 58. Rd1 Bb4 59. Rd3 Be7 60. Re3 Bd8 61. Rd3 Be7 62. Rd5
Bb4 63. Rxg5 Be7 64. f4 1-0

[Event "American Continental"]
[Site "Buenos Aires ARG"]
[Date "2005.08.10"]
[Round "5"]
[White "Alzate,D"]
[Black "Mareco,S"]
[Result "1-0"]
[WhiteElo "2415"]
[BlackElo "2187"]
[EventDate "2005.08.06"]

1. d4 d5 2. Nf3 Nc6 3. Bf4 Bg4 4. e3 e6 5. c4 Bd6 6. Bg3 Nge7 7. Nc3 Nf5 8.
cxd5 exd5 9. Bd3 Nxg3 10. hxg3 h6 11. Qb3 Be6 12. O-O-O O-O 13. Bb1 a5 14.
Rh5 f5 15. Rdh1 a4 16. Nxa4 Qe7 17. Nh4 b5 18. Qxb5 Qd7 19. Nc5 Bxc5 20.
Qxc5 Rf6 21. Nf3 Bf7 22. R5h4 Ra6 23. Kd2 Na5 24. Ne5 Nc4+ 25. Qxc4 1-0

[Event "American Continental"]
[Site "Buenos Aires ARG"]
[Date "2005.08.10"]
[Round "5"]
[White "Mayorga,N"]
[Black "Monier,R"]
[Result "1-0"]
[WhiteElo "2188"]
[BlackElo "2412"]
[EventDate "2005.08.06"]

1. e4 e5 2. Nf3 Nc6 3. d4 exd4 4. Nxd4 Bc5 5. Nxc6 Qf6 6. Qd2 bxc6 7. Nc3
Ne7 8. Na4 Bb6 9. Bd3 d6 10. O-O O-O 11. Rb1 Qg6 12. Re1 Bh3 13. Bf1 Be6
14. c4 c5 15. b3 Nc6 16. Re3 Ba5 17. Qd1 f5 18. Rg3 Qf6 19. Bb2 Nd4 20. e5
dxe5 21. Nxc5 f4 22. Rd3 Bf5 23. Bxd4 exd4 24. Rxd4 Bxb1 25. Nd7 Qg6 26.
Nxf8 Rxf8 27. c5 c6 28. b4 Bc2 29. Qd2 Bc7 30. Rd7 Be4 31. Bc4+ Kh8 32. f3
Bxf3 33. Rxc7 Bd5 34. Bxd5 cxd5 35. Kf2 f3 36. gxf3 Qh5 37. Qf4 Kg8 38. Qg3
g6 39. Re7 Qf5 40. Kg2 d4 41. Qg4 Qb1 42. Qe6+ 1-0

[Event "American Continental"]
[Site "Buenos Aires ARG"]
[Date "2005.08.10"]
[Round "5"]
[White "Vasquez,R"]
[Black "Arambel,S"]
[Result "1-0"]
[WhiteElo "2558"]
[BlackElo "2295"]
[EventDate "2005.08.06"]

1. Nf3 Nf6 2. c4 e6 3. Nc3 Bb4 4. Qc2 c5 5. g3 O-O 6. a3 Bxc3 7. Qxc3 b6 8.
Bg2 Bb7 9. O-O d6 10. b4 Nbd7 11. Bb2 Qe7 12. d3 Rac8 13. e4 Rc7 14. Rfe1
Rfc8 15. b5 a6 16. a4 Ra8 17. Nh4 Ne8 18. f4 f6 19. Bh3 Qf7 20. Qd2 Bc8 21.
Qe2 Rca7 22. Rad1 axb5 23. axb5 Ra2 24. Rd2 Nf8 25. Bg4 e5 26. f5 g6 27.
fxg6 hxg6 28. Bxc8 Rxc8 29. Qg4 Rca8 30. Rf1 Qg7 31. Rdf2 R2a7 32. Ng2 Rf7
33. Ne3 Nc7 34. Qh4 Qh7 35. Qg4 Qg7 36. Bc1 Nfe6 37. Nd5 Nxd5 38. Qxe6 Nc7
39. Qxd6 Ra1 40. Qxb6 f5 41. Qxc5 Kh7 42. Bb2 1-0

[Event "American Continental"]
[Site "Buenos Aires ARG"]
[Date "2005.08.10"]
[Round "5"]
[White "Hungaski,R"]
[Black "Ricardi,P"]
[Result "1-0"]
[WhiteElo "2308"]
[BlackElo "2551"]
[EventDate "2005.08.06"]

1. e4 d5 2. exd5 Qxd5 3. Nc3 Qa5 4. d4 Nf6 5. Bc4 c6 6. Bd2 Bf5 7. Nf3 e6
8. Nd5 Qd8 9. Nxf6+ gxf6 10. c3 Nd7 11. Qe2 Rg8 12. Nh4 Bg4 13. f3 f5 14.
g3 Bh3 15. O-O-O Be7 16. Rhe1 Nf8 17. Ng2 Bxg2 18. Qxg2 Qc7 19. Qh3 O-O-O
20. Qh5 Bf6 21. Bf4 Qe7 22. Kb1 Ng6 23. Bc1 Rd7 24. g4 fxg4 25. fxg4 Rgd8
26. g5 Bh8 27. Qxh7 Be5 28. Qh5 Rh8 29. Qf3 Bxh2 30. Rh1 Rdd8 31. Rdf1 Bc7
32. Rxh8 Nxh8 33. Rh1 c5 34. d5 Ng6 35. dxe6 Ne5 36. Qf5 Nxc4 37. exf7+ Kb8
38. g6 Qd6 39. g7 Qc6 40. f8=Q Nd2+ 41. Ka1 Qxh1 42. Qxd8+ Bxd8 43. Qf4+
Kc8 44. Qxd2 Qg1 45. Qg5 1-0

[Event "American Continental"]
[Site "Buenos Aires ARG"]
[Date "2005.08.10"]
[Round "5"]
[White "Hobaica,J"]
[Black "Valerga,D"]
[Result "1-0"]
[WhiteElo "2317"]
[BlackElo "2499"]
[EventDate "2005.08.06"]

1. c4 Nf6 2. Nc3 e6 3. Nf3 Bb4 4. Qc2 O-O 5. a3 Bxc3 6. Qxc3 b6 7. e3 Bb7
8. b4 d6 9. Bb2 Nbd7 10. Be2 Qe7 11. O-O c5 12. d3 Rfc8 13. b5 a6 14. a4
Qf8 15. Nd2 h6 16. Qc2 d5 17. f4 axb5 18. axb5 Rxa1 19. Rxa1 Ra8 20. Qb1
Qb8 21. Rxa8 Qxa8 22. Qa1 Qxa1+ 23. Bxa1 Ne8 24. Kf2 Nd6 25. g4 f6 26. h4
Kf7 27. h5 e5 28. fxe5 fxe5 29. d4 Ke6 30. g5 Nxc4 31. Bg4+ Ke7 32. Nxc4
dxc4 33. Bxd7 Kxd7 34. dxc5 bxc5 35. Bxe5 hxg5 36. Kg3 Ke6 37. Bxg7 Kf5 38.
Bf8 Kf6 39. Bxc5 Kg7 40. Kg4 Kh6 41. Bf8+ Kh7 42. Kxg5 c3 43. Ba3 c2 44. b6
Kg7 45. Kf5 Kh6 46. Ke5 Kxh5 47. Kd6 1-0

[Event "American Continental"]
[Site "Buenos Aires ARG"]
[Date "2005.08.10"]
[Round "5"]
[White "Patriarca,L"]
[Black "Vera,R"]
[Result "0-1"]
[WhiteElo "2266"]
[BlackElo "2490"]
[EventDate "2005.08.06"]

1. d4 d5 2. c4 e6 3. Nc3 c6 4. cxd5 exd5 5. Nf3 Bf5 6. e3 Nd7 7. Bd3 Bxd3
8. Qxd3 Ngf6 9. Bd2 Bd6 10. O-O O-O 11. Rfc1 Qe7 12. Qf1 Ne4 13. Nxe4 dxe4
14. Ne1 f5 15. Nc2 Nf6 16. g3 Nd5 17. Rab1 Rf6 18. a4 Raf8 19. Re1 h5 20.
b4 h4 21. b5 Rg6 22. Qg2 Qc7 23. bxc6 hxg3 24. hxg3 Bxg3 25. Kf1 Qxc6 26.
fxg3 Qxc2 27. Rxb7 f4 28. exf4 Qa2 29. Re2 Nxf4 30. Bxf4 Rxf4+ 31. Ke1 Rxg3
0-1

[Event "American Continental"]
[Site "Buenos Aires ARG"]
[Date "2005.08.10"]
[Round "5"]
[White "Soppe,G"]
[Black "Demaria,J"]
[Result "1-0"]
[WhiteElo "2432"]
[BlackElo "2272"]
[EventDate "2005.08.06"]

1. d4 Nf6 2. c4 e6 3. g3 Bb4+ 4. Bd2 Bxd2+ 5. Qxd2 O-O 6. Bg2 d6 7. Nc3 e5
8. Nf3 Nc6 9. O-O Bg4 10. d5 Na5 11. b3 b6 12. Ne1 Qe7 13. Nc2 Bd7 14. e4
Ng4 15. Rae1 a6 16. f3 Nh6 17. f4 b5 18. f5 f6 19. cxb5 axb5 20. Nb4 Rfb8
21. Rc1 Nb7 22. Nc6 Bxc6 23. dxc6 Nc5 24. Rfe1 Qe8 25. Nd5 Qd8 26. Bf1 Kh8
27. Nc3 Nf7 28. h4 g6 29. fxg6 hxg6 30. Bxb5 Ne6 31. Bc4 Nd4 32. Rf1 Kg7
33. Bxf7 Kxf7 34. Nd5 f5 35. Rc4 Qh8 36. exf5 Rf8 37. Qg5 Nxf5 38. Rxf5+
gxf5 39. Qxf5+ 1-0

[Event "American Continental"]
[Site "Buenos Aires ARG"]
[Date "2005.08.10"]
[Round "5"]
[White "Lemos,D"]
[Black "Dolezal,C"]
[Result "0-1"]
[WhiteElo "2284"]
[BlackElo "2402"]
[EventDate "2005.08.06"]

1. d4 b6 2. e4 Bb7 3. Bd3 Nf6 4. Qe2 Nc6 5. c3 e5 6. Nf3 exd4 7. O-O Be7 8.
cxd4 Nb4 9. e5 Nfd5 10. Bc4 a5 11. a3 Na6 12. Qe4 c6 13. Qg4 Kf8 14. Nc3
Nac7 15. Ne4 Ne6 16. Ng3 Ba6 17. Bxa6 Rxa6 18. Nf5 h5 19. Qg3 h4 20. Qg4 a4
21. Nxe7 Qxe7 22. Bg5 Nxg5 23. Nxg5 Ra5 24. Rae1 Rb5 25. f4 Rxb2 26. f5 h3
27. gxh3 f6 28. Nf3 Qxa3 29. Nh4 Kg8 30. Ng6 Qxh3 31. Qxh3 Rxh3 32. e6 dxe6
33. Rxe6 Re3 34. Rxc6 Kh7 35. Rd6 Ree2 36. Rf3 Re1+ 0-1

[Event "American Continental"]
[Site "Buenos Aires ARG"]
[Date "2005.08.10"]
[Round "5"]
[White "Luconi,C"]
[Black "Needleman,A"]
[Result "1-0"]
[WhiteElo "2258"]
[BlackElo "2394"]
[EventDate "2005.08.06"]

1. d4 Nf6 2. Nf3 d6 3. c3 Nbd7 4. Bf4 Nh5 5. Bg3 e5 6. e3 Nxg3 7. hxg3 e4
8. Nfd2 Nf6 9. Be2 Be7 10. c4 c6 11. Nc3 d5 12. Rb1 O-O 13. c5 Be6 14. b4
Qd7 15. b5 Bg4 16. a4 Rfc8 17. O-O h5 18. Bxg4 Nxg4 19. a5 Qf5 20. Qe2 Qg5
21. Rfc1 a6 22. bxc6 bxc6 23. Na4 h4 24. Nf1 hxg3 25. fxg3 Qh5 26. Nc3 Bd8
27. Rb6 Bc7 28. Qe1 g6 29. Nd1 Kg7 30. Nf2 Bxg3 31. Nxg3 Qh2+ 32. Kf1 Qxg3
33. Nxg4 Qxg4 34. Qe2 Qh4 35. Qf2 Qh1+ 36. Qg1 Qh5 37. Ke1 Rc7 38. Kd2 Raa7
39. Qh1 Qxh1 40. Rxh1 Kf6 41. Ke2 Kg5 42. Kf2 Kg4 43. Rh7 g5 44. Rh6 f5 45.
Rbxc6 Rxc6 46. Rxc6 Rh7 47. Rd6 Rh1 48. Rxd5 Rc1 49. Re5 Rc2+ 50. Kf1 Rc1+
51. Ke2 Rc2+ 52. Kd1 Rc3 53. Kd2 Rd3+ 54. Kc2 Rxe3 55. c6 Re2+ 56. Kd1 Rxg2
57. c7 Rg1+ 58. Kc2 Rg2+ 59. Kb3 Rg3+ 60. Kb4 Rf3 61. c8=Q Rf1 62. Qe6 1-0

[Event "American Continental"]
[Site "Buenos Aires ARG"]
[Date "2005.08.10"]
[Round "5"]
[White "Bitelmajer,M"]
[Black "Claverie,R"]
[Result "0-1"]
[WhiteElo "2243"]
[BlackElo "2388"]
[EventDate "2005.08.06"]

1. d4 e6 2. Nf3 f5 3. g3 Nf6 4. Bg2 c6 5. b3 d5 6. O-O Bd6 7. c4 Qe7 8. Bb2
O-O 9. Qc1 b6 10. Ba3 Bb7 11. Bxd6 Qxd6 12. Qa3 Qxa3 13. Nxa3 Nbd7 14. Rfd1
a5 15. Rac1 Rac8 16. Ne1 Kf7 17. Nd3 Ke7 18. f3 c5 19. Nb5 cxd4 20. Nxd4
dxc4 21. bxc4 Rfd8 22. Nb5 Ba6 23. f4 Ne4 24. Bxe4 fxe4 25. Nb2 Nc5 26. Kf2
Rxd1 27. Rxd1 Nb7 28. a4 Bxb5 29. axb5 Nc5 30. Ke3 h5 31. Ra1 Kf6 32. Nd1
Nb7 33. Kd4 Nd6 34. Ne3 Rc7 35. Ra4 Nb7 36. Ra1 Nd6 37. Ra4 Nb7 38. Ra1 Nc5
39. Kc3 Rd7 40. Rf1 g6 41. Ra1 a4 42. Nc2 g5 43. Rf1 gxf4 44. Rxf4+ Ke5 45.
Rf1 Ra7 46. Nb4 Rg7 47. Rd1 Kf5 48. Rf1+ Kg4 49. Rf4+ Kh3 50. Rh4+ Kg2 51.
Kd2 Rg4 52. Rxh5 e3+ 53. Kxe3 Rxc4 54. Nd3 a3 55. Nf4+ Rxf4 56. gxf4 a2 57.
Rg5+ Kh1 0-1

[Event "American Continental"]
[Site "Buenos Aires ARG"]
[Date "2005.08.10"]
[Round "5"]
[White "Disconzi da Silva,R"]
[Black "Rodi,L"]
[Result "1-0"]
[WhiteElo "2367"]
[BlackElo "2242"]
[EventDate "2005.08.06"]

1. c4 f5 2. g3 Nf6 3. Bg2 g6 4. Nc3 Nc6 5. d3 Bg7 6. e3 d6 7. Nge2 O-O 8.
O-O e5 9. b3 Rb8 10. Qd2 a6 11. Bb2 Ne7 12. f4 b5 13. Rae1 bxc4 14. dxc4
Bb7 15. Bxb7 Rxb7 16. Ba3 Nc6 17. e4 Qd7 18. exf5 gxf5 19. fxe5 Nxe5 20.
Nf4 Re8 21. Nfd5 Rbb8 22. Nxf6+ Bxf6 23. Nd5 Bg7 24. Kg2 Rf8 25. Qg5 Rbe8
26. Bb2 Kh8 27. Ba1 a5 28. Re2 a4 29. Rfe1 axb3 30. axb3 Rb8 31. b4 Rf7 32.
b5 c6 33. bxc6 Qxc6 34. Kh3 Qxc4 35. Nf4 Rg8 36. Qh5 Rf6 37. Rxe5 dxe5 38.
Bxe5 Ra6 39. Qxf5 Rh6+ 40. Nh5 Rxh5+ 41. Qxh5 Qe6+ 42. g4 Bxe5 43. Qxe5+
Qxe5 44. Rxe5 Ra8 45. Re7 Kg8 46. Kh4 Ra6 47. Kg5 Rg6+ 48. Kh5 Ra6 49. h3
Rb6 50. Kg5 Rg6+ 51. Kf4 Rf6+ 52. Kg3 Ra6 53. h4 Ra3+ 54. Kf4 Ra4+ 55. Kf5
h5 56. g5 Rxh4 57. Kg6 Kf8 58. Rf7+ Ke8 59. Rf1 Rg4 60. Kxh5 Rg2 61. Kh6
Rh2+ 62. Kg7 Re2 63. g6 Rg2 64. Re1+ Kd7 65. Kf7 Rf2+ 66. Kg8 Rg2 67. g7
Rh2 68. Re4 Kd6 69. Kf7 Rf2+ 70. Kg6 Rg2+ 71. Kf6 Rf2+ 72. Kg5 Kd5 73. Rg4
Ke5 74. g8=Q Rf5+ 75. Kh4 1-0

[Event "American Continental"]
[Site "Buenos Aires ARG"]
[Date "2005.08.10"]
[Round "5"]
[White "Saladen,R"]
[Black "Lawson,E"]
[Result "0-1"]
[WhiteElo "2229"]
[BlackElo "2367"]
[EventDate "2005.08.06"]

1. d4 Nf6 2. Nf3 c5 3. d5 e6 4. c4 exd5 5. cxd5 d6 6. Nc3 g6 7. Nd2 Bg7 8.
Nc4 O-O 9. Bf4 Ne8 10. Qd2 b6 11. e4 Ba6 12. a4 Bxc4 13. Bxc4 a6 14. O-O
Nd7 15. Bg3 Kh8 16. Qe2 Qc8 17. f4 Nef6 18. e5 dxe5 19. f5 e4 20. d6 Nh5
21. Be1 Bd4+ 22. Kh1 e3 23. Nd5 Qc6 24. Bc3 b5 25. axb5 axb5 26. Rxa8 Rxa8
27. Nc7 bxc4 28. Nxa8 Qxa8 29. Qxe3 Nhf6 30. Bxd4 cxd4 31. Qxd4 gxf5 32.
Qxc4 Kg7 33. b4 Qe4 34. Qc3 Kg6 35. Qg3+ Qg4 36. Rf3 Nd5 37. b5 h5 38. Qe1
h4 39. Qe8 N5f6 40. Qe3 Qe4 41. Qc1 Nd5 42. h3 Ne5 43. Ra3 Nf4 44. Qf1 Ne2
45. Qd1 Ng3+ 46. Kg1 Qb4 47. Ra4 Qxb5 48. Rxh4 f4 49. Kh2 Qf1 50. Qxf1
Nxf1+ 51. Kg1 Ng3 52. Rh8 Nf5 53. Rd8 Kf6 54. d7 Ng7 55. h4 Ne6 56. Ra8
Nxd7 57. Kf2 Ne5 58. g3 f3 59. Ra5 Nc5 60. Ra8 Ne4+ 61. Ke3 Nxg3 62. Kf2
Ne4+ 63. Ke3 Kf5 64. h5 f2 65. Ke2 Ng4 66. Ra5+ Kf4 67. Ra4 Nh2 0-1

[Event "American Continental"]
[Site "Buenos Aires ARG"]
[Date "2005.08.10"]
[Round "5"]
[White "Scarella,E"]
[Black "Alza,A"]
[Result "1-0"]
[WhiteElo "2367"]
[BlackElo "2167"]
[EventDate "2005.08.06"]

1. d4 Nf6 2. Nf3 e6 3. g3 d5 4. Bg2 Be7 5. O-O O-O 6. c4 dxc4 7. Ne5 Nc6 8.
Nxc6 bxc6 9. e3 Ba6 10. Nc3 Rb8 11. Bxc6 Nd5 12. Nxd5 exd5 13. Qf3 Bb7 14.
Bxb7 Rxb7 15. b3 cxb3 16. axb3 c5 17. dxc5 Rxb3 18. c6 a5 19. c7 Qa8 20.
Bd2 a4 21. Rfc1 a3 22. Qg4 Rc8 23. Bc3 Bf8 24. Be5 Rb4 25. Qd7 Rc4 26. Rcb1
Rb4 27. Rxb4 Bxb4 28. Rb1 a2 29. Rxb4 d4 30. Bxd4 a1=Q+ 31. Bxa1 Qxa1+ 32.
Kg2 Qa8+ 33. e4 1-0

[Event "American Continental"]
[Site "Buenos Aires ARG"]
[Date "2005.08.10"]
[Round "5"]
[White "Mesias,R"]
[Black "Echavarria,J"]
[Result "0-1"]
[WhiteElo "2220"]
[BlackElo "2362"]
[EventDate "2005.08.06"]

1. f4 d5 2. Nf3 Nf6 3. e3 g6 4. b3 Bg7 5. Bb2 O-O 6. Be2 c5 7. O-O b6 8. h3
Bb7 9. d3 Nc6 10. Nbd2 Ng4 11. hxg4 Bxb2 12. Rb1 Bg7 13. g3 Qd7 14. Kg2
Qxg4 15. Rh1 Qd7 16. Rh2 e5 17. Qh1 h5 18. Ng5 exf4 19. gxf4 f6 20. Nh3
Rae8 21. Kf2 Qe6 22. Qf3 Ne5 23. Qg3 Ng4+ 24. Bxg4 hxg4 25. Ng1 f5 26. Re1
Kf7 27. Ne2 Rh8 28. Rxh8 Rxh8 29. Ng1 Bf6 30. Ke2 Bh4 31. Qh2 Kg7 32. Rb1
b5 33. Qg2 Qxe3+ 0-1

[Event "American Continental"]
[Site "Buenos Aires ARG"]
[Date "2005.08.10"]
[Round "5"]
[White "Zapata,Marc"]
[Black "Ruiz,Pa"]
[Result "0-1"]
[WhiteElo "2353"]
[BlackElo "2189"]
[EventDate "2005.08.06"]

1. f4 d5 2. Nf3 c5 3. e3 e6 4. b3 Nf6 5. Bb2 Bd6 6. Bb5+ Bd7 7. a4 a6 8.
Bxd7+ Nbxd7 9. O-O Qc7 10. d3 d4 11. exd4 Bxf4 12. Qe2 Ng4 13. g3 Bh6 14.
Ne5 Be3+ 15. Kg2 Bxd4 16. Bxd4 Ngxe5 17. Bb2 O-O 18. Nd2 Rfe8 19. Ne4 f5
20. Ng5 g6 21. Rae1 Ng4 22. Qf3 Nge5 23. Qf4 Qc6+ 24. Kg1 Ng4 25. h3 Ngf6
26. Nf3 Nh5 27. Qh4 Qc7 28. Ne5 Qd8 29. Nxd7 Qxd7 30. g4 Ng7 31. Re2 Rf8
32. Rfe1 Rae8 33. gxf5 Rxf5 34. Qc4 Qf7 35. Bxg7 Kxg7 36. Qe4 h6 37. Rg2
Rf3 38. Re3 Rf1+ 39. Kh2 Qf4+ 40. Reg3 Qxe4 41. dxe4 g5 42. h4 Kf6 43.
hxg5+ hxg5 44. e5+ Kxe5 45. Rxg5+ Kd6 46. Rg7 Rh8+ 47. Kg3 Kc6 48. Rg6 Re1
49. Rg7 Rh6 50. Rg8 Rf1 51. Rc8+ Kb6 52. Rd2 Rg6+ 53. Kh2 Rf5 54. Rh8 Rd5
55. Re2 Kc6 56. Rf2 Rd7 57. Re2 b6 58. Rc8+ Kb7 59. Rh8 Kc7 60. Rf2 e5 61.
Rff8 Rd2+ 62. Kh3 Rxc2 63. Rc8+ Kd7 64. Rhe8 Rc3+ 65. Kh2 Rxb3 66. Rcd8+
Kc7 67. Rc8+ Kd7 68. Rcd8+ Kc6 69. Rxe5 a5 70. Ree8 Rd6 71. Rc8+ Kd5 72.
Re1 Kc4 73. Rc1+ Kb4 0-1

[Event "American Continental"]
[Site "Buenos Aires ARG"]
[Date "2005.08.10"]
[Round "5"]
[White "Molina,Jo"]
[Black "De Dovitiis,A"]
[Result "1-0"]
[WhiteElo "2195"]
[BlackElo "2345"]
[EventDate "2005.08.06"]

1. d4 Nf6 2. Nf3 d6 3. c4 Nbd7 4. Nc3 e5 5. e4 Be7 6. Be2 O-O 7. O-O c6 8.
Be3 Ng4 9. Bd2 Qb6 10. h3 Ngf6 11. Be3 Qc7 12. Qc2 a6 13. Rfd1 Re8 14. d5
c5 15. a3 Rf8 16. b4 Ne8 17. Nd2 g6 18. Nb3 b6 19. Bd3 Ng7 20. Bh6 Nf6 21.
Rf1 Kh8 22. bxc5 bxc5 23. Ne2 Ng8 24. Bd2 f5 25. f4 Bf6 26. Rab1 exf4 27.
Nxf4 g5 28. Ne2 f4 29. Bc3 Nh5 30. Nd2 Qg7 31. Rb6 g4 32. hxg4 Bxg4 33. Nf3
Ng3 34. Nxg3 fxg3 35. Bxf6 Rxf6 36. e5 dxe5 37. Rxf6 Qxf6 38. Bxh7 Ne7 39.
Qe4 Bxf3 40. Rxf3 Qg5 41. Bf5 Nxf5 42. Qxe5+ Qg7 43. Rxf5 Qxe5 44. Rxe5 Kg7
45. Rg5+ Kf6 46. Rxg3 Ke5 47. Rd3 Kd6 48. Rg3 a5 49. Rg6+ Kd7 50. Rc6 a4
51. Rxc5 Kd6 52. Rb5 Ke5 53. Rb4 1-0

[Event "American Continental"]
[Site "Buenos Aires ARG"]
[Date "2005.08.10"]
[Round "5"]
[White "Lucena,L"]
[Black "Moreda,L"]
[Result "0-1"]
[WhiteElo "2184"]
[BlackElo "2329"]
[EventDate "2005.08.06"]

1. e4 c6 2. d4 d5 3. exd5 cxd5 4. Bd3 Nc6 5. c3 g6 6. Bf4 Nf6 7. Nd2 Bg7 8.
Ngf3 Nh5 9. Be3 Qd6 10. Nb3 Nf4 11. Bf1 O-O 12. Qd2 Ne6 13. Bh6 f6 14. g3
a5 15. a4 Ncd8 16. Bg2 Bxh6 17. Qxh6 Qb6 18. Nfd2 Ng5 19. O-O Ndf7 20. Qh4
Qd6 21. Qf4 e5 22. Qe3 e4 23. f3 exf3 24. Nxf3 b6 25. Nxg5 Nxg5 26. Nd2 Bh3
27. Qf4 Qd7 28. Rae1 Bf5 29. Kh1 Rae8 30. h4 Ne6 31. Qf3 Nc7 32. b3 h5 33.
Kh2 Kg7 34. Qf2 Qd6 35. Bf3 Bd3 36. Rxe8 Rxe8 37. Re1 Re6 38. Re3 Bf5 39.
Bg2 Qe7 40. Rxe6 Bxe6 41. Qf4 Qd7 42. Nf1 b5 43. Ne3 Bf7 44. Bh3 Qc6 45.
axb5 Nxb5 46. Nd1 Nd6 47. Bg2 Qd7 48. Ne3 Nb5 49. Nd1 Qe7 50. Qd2 Nd6 51.
Nf2 Nf5 52. Bh3 Nd6 53. Bg2 Qb7 54. Qa2 Qc7 55. Nd1 Nf5 56. Qf2 Qb8 57. Bh3
Qxb3 58. Bxf5 Qxd1 59. Qc2 Qxc2+ 60. Bxc2 Be6 61. Kg2 Kf7 62. Ba4 Ke7 63.
Kf2 Bd7 64. Bb3 a4 65. Ba2 Kd6 66. Ke3 Bb5 67. Bb1 a3 0-1

[Event "American Continental"]
[Site "Buenos Aires ARG"]
[Date "2005.08.10"]
[Round "5"]
[White "Quiroga,F"]
[Black "Goldwaser,C"]
[Result "1/2-1/2"]
[WhiteElo "2321"]
[BlackElo "2180"]
[EventDate "2005.08.06"]

1. d4 d5 2. Nf3 Nf6 3. c4 c6 4. Nc3 dxc4 5. a4 Bf5 6. e3 e6 7. Bxc4 Bb4 8.
O-O Nbd7 9. Qe2 Bg6 10. e4 O-O 11. e5 Nd5 12. Bd2 Qa5 13. Rfc1 N7b6 14. Bb3
Rac8 15. Nh4 c5 16. Nxg6 hxg6 17. dxc5 Rxc5 18. Ne4 Rxc1+ 19. Bxc1 Nd7 20.
Ng5 Be7 21. Bd2 Qd8 22. Bxd5 Bxg5 23. Bxg5 Qxg5 24. Bxb7 Rb8 25. Bc6 Qxe5
26. Qxe5 Nxe5 27. Bb5 Rb6 28. Rc1 a6 29. Bf1 Rxb2 30. Bxa6 Ra2 31. Bb5 Ng4
32. Rf1 f5 33. h3 Nf6 34. Rc1 Nd5 35. Rc6 Kf7 36. Ra6 Nc3 37. Ra7+ Kf6 38.
Be8 Nd1 39. Rf7+ Ke5 40. Rxg7 Nxf2 41. Rxg6 Ne4 42. Bc6 Nf6 43. g4 fxg4 44.
hxg4 Nd5 45. Bd7 Kf4 46. Rxe6 Kg3 47. Kf1 Ra1+ 48. Re1 Ra2 49. Rb1 Nc3 50.
Rc1 Rf2+ 51. Ke1 Re2+ 52. Kf1 Rf2+ 1/2-1/2

[Event "American Continental"]
[Site "Buenos Aires ARG"]
[Date "2005.08.10"]
[Round "5"]
[White "Guerrero,Alv"]
[Black "Uribe,M"]
[Result "0-1"]
[WhiteElo "2092"]
[BlackElo "2373"]
[EventDate "2005.08.06"]

1. d4 e6 2. Nf3 Nf6 3. c4 Bb4+ 4. Nbd2 b6 5. g3 Bb7 6. Bg2 O-O 7. O-O d5 8.
a3 Be7 9. b4 dxc4 10. Nxc4 Nbd7 11. Qb3 Bd5 12. Nfe5 Bxg2 13. Kxg2 Nxe5 14.
dxe5 Qd5+ 15. f3 b5 16. Na5 Qxe5 17. Bf4 Qh5 18. g4 Qd5 19. Qc2 e5 20. Nc6
Bd6 21. Bxe5 Nxg4 22. Bxd6 Ne3+ 23. Kf2 Rfe8 24. Qc5 cxd6 25. Qxd5 Nxd5 26.
Rfd1 Nc3 27. Rd2 Rac8 28. Rxd6 Rxe2+ 29. Kf1 Rce8 30. Rc1 R2e3 31. Kf2 h5
32. Rd8 Rxd8 33. Kxe3 Re8+ 34. Kd2 Ne2 35. Re1 Re6 36. Nxa7 Nd4 37. Re4
Nxf3+ 38. Ke3 Nxh2 0-1

[Event "American Continental"]
[Site "Buenos Aires ARG"]
[Date "2005.08.10"]
[Round "5"]
[White "Orsini,A"]
[Black "Gonzalez Zamora,J"]
[Result "1-0"]
[WhiteElo "2233"]
[BlackElo "2546"]
[EventDate "2005.08.06"]

1. e4 c5 2. Nf3 Nc6 3. d4 cxd4 4. Nxd4 Nf6 5. Nc3 d6 6. f3 e5 7. Nb3 Be7 8.
Be3 O-O 9. Qd2 Be6 10. Nd5 Bxd5 11. exd5 Nb8 12. c4 a5 13. Bd3 b6 14. O-O
Na6 15. Nc1 Nc5 16. Bc2 Nfd7 17. Ne2 f5 18. Kh1 g6 19. Nc3 Nf6 20. a3 Nh5
21. b4 Nd7 22. Ba4 Ndf6 23. Bc6 Rb8 24. bxa5 bxa5 25. Ba7 Rc8 26. Rab1 Nd7
27. Rb7 Rc7 28. Rfb1 Bg5 29. Qf2 Rxb7 30. Rxb7 Nc5 31. Bxc5 dxc5 32. Qxc5
e4 33. d6 Qf6 34. Bd5+ Kh8 35. Qa7 Ng7 36. Rf7 Rxf7 37. Qxf7 Qd8 38. c5
exf3 39. gxf3 Bf4 40. Ne2 Be5 41. f4 1-0

[Event "American Continental"]
[Site "Buenos Aires ARG"]
[Date "2005.08.10"]
[Round "5"]
[White "Di Benedetto,G"]
[Black "Fierro Baquero,M"]
[Result "1-0"]
[WhiteElo "2205"]
[BlackElo "2340"]
[EventDate "2005.08.06"]

1. d4 g6 2. c4 Bg7 3. Nf3 d6 4. Nc3 c5 5. d5 Bxc3+ 6. bxc3 f5 7. Qc2 Nf6 8.
Bh6 Qa5 9. e3 Nbd7 10. Bd3 Nb6 11. O-O Bd7 12. a4 Rg8 13. h3 e5 14. dxe6
Bxe6 15. e4 fxe4 16. Bxe4 O-O-O 17. Nd2 Nxe4 18. Qxe4 Rge8 19. Qh4 Qa6 20.
Bg5 Rd7 21. Rfe1 Bf7 22. Rxe8+ Bxe8 23. a5 Bf7 24. Qxh7 Nxc4 25. Ne4 Ne5
26. Qh8+ Kc7 27. Nf6 Qc6 28. Nxd7 Qxd7 29. Rd1 Qe8 30. Qf6 Qe6 31. Qd8+ Kc6
32. a6 Qd7 33. Qa8 Bc4 34. axb7 1-0

[Event "American Continental"]
[Site "Buenos Aires ARG"]
[Date "2005.08.10"]
[Round "5"]
[White "Burijovich,L"]
[Black "Contreras,H"]
[Result "0-1"]
[WhiteElo "2211"]
[BlackElo "2328"]
[EventDate "2005.08.06"]

1. e4 c5 2. Nf3 d6 3. d4 cxd4 4. Nxd4 Nf6 5. Nc3 a6 6. Be2 e6 7. O-O Be7 8.
f4 Qc7 9. Kh1 O-O 10. Be3 Nc6 11. Qe1 Re8 12. Qg3 Rb8 13. Rad1 b5 14. Nxc6
Qxc6 15. e5 Nd7 16. exd6 Bxd6 17. Ba7 b4 18. Bf3 Qc7 19. Bxb8 Qxb8 20. Ne2
Nf6 21. Bc6 Rf8 22. Qf3 e5 23. Qd3 Bc7 24. f5 e4 25. Bxe4 Bxh2 26. Bf3 Be5
27. c3 Qb6 28. g3 g6 29. fxg6 hxg6 30. Kg2 Bf5 31. Qd2 Re8 32. Nd4 bxc3 33.
bxc3 Ne4 34. Qc1 Nxg3 35. Rfe1 Qc7 36. Nc6 Re6 37. Nxe5 Rxe5 38. Qf4 Ne2
39. Qh2 Bd3 40. Rxd3 Rg5+ 41. Kh1 Ng3+ 42. Kg2 Nf1+ 0-1

[Event "American Continental"]
[Site "Buenos Aires ARG"]
[Date "2005.08.10"]
[Round "5"]
[White "Ianovsky,M"]
[Black "Tovillas,D"]
[Result "0-1"]
[WhiteElo "2155"]
[BlackElo "2310"]
[EventDate "2005.08.06"]

1. d4 f5 2. Nf3 Nf6 3. c4 g6 4. g3 Bg7 5. Bg2 O-O 6. O-O c6 7. Nc3 d6 8. d5
Bd7 9. Nd4 Qb6 10. Rb1 Na6 11. Nc2 Nc5 12. Be3 Qa6 13. b3 Nfe4 14. Nxe4
Nxe4 15. Bxe4 fxe4 16. Bd4 Qxa2 17. Bxg7 Kxg7 18. Qd4+ Kg8 19. Rb2 Qa5 20.
b4 Qc7 21. Qxe4 Bf5 22. Qd4 b6 23. dxc6 Qxc6 24. Ne3 Rf7 25. b5 Qb7 26. Ra1
Be6 27. Raa2 Raf8 28. Nd5 Rc8 29. e4 Rc5 30. f4 Bxd5 31. exd5 Qc7 32. Ra4
Qd7 33. Qe4 Kf8 0-1

[Event "American Continental"]
[Site "Buenos Aires ARG"]
[Date "2005.08.10"]
[Round "5"]
[White "Chemin,J"]
[Black "Tenti,J"]
[Result "1-0"]
[WhiteElo "2296"]
[BlackElo "2153"]
[EventDate "2005.08.06"]

1. d4 d5 2. Nf3 c6 3. c3 Nf6 4. Bf4 Bf5 5. e3 e6 6. Qb3 Qb6 7. Nbd2 Nbd7 8.
Be2 Be7 9. h3 h6 10. O-O O-O 11. c4 Qxb3 12. axb3 Ne4 13. Nxe4 Bxe4 14. c5
Bf6 15. Bd6 Rfe8 16. Ra4 Be7 17. Bxe7 Rxe7 18. Rfa1 Bxf3 19. Bxf3 a6 20. b4
e5 21. Rd1 e4 22. Be2 Rf8 23. Ra3 f5 24. Rc1 g5 25. Bxa6 bxa6 26. Rxa6 Nb8
27. Rb6 f4 28. Ra1 fxe3 29. fxe3 Rc7 30. b5 cxb5 31. Rxb5 Nd7 32. b4 h5 33.
Ra6 Nf6 34. Rbb6 Rcf7 35. b5 Kg7 36. Rd6 g4 37. Ra1 gxh3 38. gxh3 h4 39.
Rf1 Rd7 40. Rfxf6 Rxd6 41. Rxd6 Rf3 42. c6 Rxe3 43. c7 Rc3 44. Rc6 Rg3+ 45.
Kf2 e3+ 1-0